Spatial analysis along networks: (Record no. 3269)

MARC details
000 -LEADER
fixed length control field 00677nam a22002297a 4500
003 - CONTROL NUMBER IDENTIFIER
control field OSt
005 - DATE AND TIME OF LATEST TRANSACTION
control field 20220107122721.0
008 - FIXED-LENGTH DATA ELEMENTS--GENERAL INFORMATION
fixed length control field 130821b xxu||||| |||| 00| 0 eng d
020 ## - INTERNATIONAL STANDARD BOOK NUMBER
International Standard Book Number 9780470770818
040 ## - CATALOGING SOURCE
Transcribing agency IIITM-K
082 00 - DEWEY DECIMAL CLASSIFICATION NUMBER
Classification number 526.0285 OKA/S
100 1# - MAIN ENTRY--PERSONAL NAME
Personal name Okabe, Atsuyuki,
9 (RLIN) 1998
245 10 - TITLE STATEMENT
Title Spatial analysis along networks:
Remainder of title statistical and computational methods
Statement of responsibility, etc. Atsuyuki Okabe and Kokichi Sugihara
260 ## - PUBLICATION, DISTRIBUTION, ETC.
Place of publication, distribution, etc. UK,
Name of publisher, distributor, etc. Wiley,
Date of publication, distribution, etc. 2012.
300 ## - PHYSICAL DESCRIPTION
Extent xv, 288p.
650 #0 - SUBJECT ADDED ENTRY--TOPICAL TERM
Topical term or geographic name entry element STATISTICS
9 (RLIN) 1999
650 #0 - SUBJECT ADDED ENTRY--TOPICAL TERM
Topical term or geographic name entry element SPATIAL ANALYSIS
9 (RLIN) 2000
650 #0 - SUBJECT ADDED ENTRY--TOPICAL TERM
Topical term or geographic name entry element NETWORK ANALYSIS
9 (RLIN) 2001
650 #0 - SUBJECT ADDED ENTRY--TOPICAL TERM
Topical term or geographic name entry element DATA PROCESSING
9 (RLIN) 2002
700 1# - ADDED ENTRY--PERSONAL NAME
Personal name Sugihara, Kōkichi,
9 (RLIN) 2003
942 ## - ADDED ENTRY ELEMENTS (KOHA)
Source of classification or shelving scheme Dewey Decimal Classification
Koha item type Books
Holdings
Withdrawn status Lost status Source of classification or shelving scheme Damaged status Not for loan Home library Current library Shelving location Date acquired Cost, normal purchase price Total Checkouts Full call number Barcode Date last seen Date last checked out Price effective from Koha item type
    Dewey Decimal Classification     Kerala University of Digital Sciences, Innovation and Technology Knowledge Centre Kerala University of Digital Sciences, Innovation and Technology Knowledge Centre Cartography 21/08/2013 4482.00 1 526.0285 OKA/S 2931 08/10/2023 20/09/2023 21/08/2013 Books